| 000 | 00550nam a2200205Ia 4500 | ||
|---|---|---|---|
| 003 | LDD | ||
| 008 | 181029s9999 xx 000 0 und d | ||
| 020 |
_a749448970 _c450.00 |
||
| 040 | _cLDD | ||
| 100 | _aBeard, Colin | ||
| 245 | 0 |
_aExperiemental learning _cColin Beard |
|
| 250 | _aSecond edition | ||
| 260 |
_aLondon _bKogan Pase _c2006 |
||
| 300 | _av, 314p. | ||
| 365 | _b450.00 | ||
| 901 |
_a3668 _b11-01-2007 |
||
| 902 |
_a1346 _b18-01-2007 _cF _dBB _e37 |
||
| 903 |
_aDiscount-10 _bReqst by : C.B.Sharma |
||
| 942 |
_2ddc _cBK |
||
| 999 |
_c77378 _d77378 |
||